<?xml version="1.0" encoding="UTF-8"?><?xml-stylesheet type="text/xsl" href="static/style.xsl"?><OAI-PMH xmlns="http://www.openarchives.org/OAI/2.0/" xmlns:xsi="http://www.w3.org/2001/XMLSchema-instance" xsi:schemaLocation="http://www.openarchives.org/OAI/2.0/ http://www.openarchives.org/OAI/2.0/OAI-PMH.xsd"><responseDate>2026-04-18T02:22:54Z</responseDate><request verb="GetRecord" identifier="oai:www.recercat.cat:20.500.12327/175" metadataPrefix="marc">https://recercat.cat/oai/request</request><GetRecord><record><header><identifier>oai:recercat.cat:20.500.12327/175</identifier><datestamp>2025-10-22T11:29:31Z</datestamp><setSpec>com_2072_4428</setSpec><setSpec>com_2072_4427</setSpec><setSpec>col_2072_487898</setSpec></header><metadata><record xmlns="http://www.loc.gov/MARC21/slim" xmlns:dcterms="http://purl.org/dc/terms/" xmlns:xsi="http://www.w3.org/2001/XMLSchema-instance" xmlns:doc="http://www.lyncode.com/xoai" xsi:schemaLocation="http://www.loc.gov/MARC21/slim http://www.loc.gov/standards/marcxml/schema/MARC21slim.xsd">
   <leader>00925njm 22002777a 4500</leader>
   <datafield ind2=" " ind1=" " tag="042">
      <subfield code="a">dc</subfield>
   </datafield>
   <datafield ind2=" " ind1=" " tag="720">
      <subfield code="a">Ghebremariam, Michael Kahsay</subfield>
      <subfield code="e">author</subfield>
   </datafield>
   <datafield ind2=" " ind1=" " tag="720">
      <subfield code="a">Hlokwe, Tiny</subfield>
      <subfield code="e">author</subfield>
   </datafield>
   <datafield ind2=" " ind1=" " tag="720">
      <subfield code="a">Rutten, Victor P. M. G.</subfield>
      <subfield code="e">author</subfield>
   </datafield>
   <datafield ind2=" " ind1=" " tag="720">
      <subfield code="a">Allepuz, Alberto</subfield>
      <subfield code="e">author</subfield>
   </datafield>
   <datafield ind2=" " ind1=" " tag="720">
      <subfield code="a">Cadmus, Simeon</subfield>
      <subfield code="e">author</subfield>
   </datafield>
   <datafield ind2=" " ind1=" " tag="720">
      <subfield code="a">Muwonge, Adrian</subfield>
      <subfield code="e">author</subfield>
   </datafield>
   <datafield ind2=" " ind1=" " tag="720">
      <subfield code="a">Robbe-Austerman, Suelee</subfield>
      <subfield code="e">author</subfield>
   </datafield>
   <datafield ind2=" " ind1=" " tag="720">
      <subfield code="a">Michel, Anita L.</subfield>
      <subfield code="e">author</subfield>
   </datafield>
   <datafield ind2=" " ind1=" " tag="260">
      <subfield code="c">2018-04-17</subfield>
   </datafield>
   <datafield ind2=" " ind1=" " tag="520">
      <subfield code="a">Mycobacterium bovis (M.bovis) is the main causative agent for bovine tuberculosis (BTB) and can also be the cause of zoonotic tuberculosis in humans. In view of its zoonotic nature, slaughterhouse surveillance, potentially resulting in total or partial condemnation of the carcasses and organs, is conducted routinely. Spoligotyping, VNTR profiling, and whole genome sequencing (WGS) of M. bovis isolated from tissues with tuberculosis-like lesions collected from 14 cattle at Eritrea’s largest slaughterhouse in the capital Asmara, were conducted.The 14 M. bovis isolates were classified into three different spoligotype patterns (SB0120, SB0134 and SB0948) and six VNTR profiles. WGS results matched those of the conventional genotyping methods and further discriminated the six VNTR profiles into 14 strains. Furthermore, phylogenetic analysis of the M. bovis isolates suggests two independent introductions of BTB into Eritrea possibly evolving from a common ancestral strain in Europe.This molecular study revealed the most important strains of M. bovis in Eritrea and their (dis)similarities with the strains generally present in East Africa and Europe, as well as potential routes of introduction of M. bovis. Though the sample size is small, the current study provides important information as well as platform for future in-depth molecular studies on isolates from both the dairy and the traditional livestock sectors in Eritrea and the region. This study provides information onthe origin of some of the M. bovis strains in Eritrea, its genetic diversity, evolution and patterns of spread between dairy herds. Such information is essential in the development and implementation of future BTB control strategy for Eritrea.</subfield>
   </datafield>
   <datafield ind1="8" ind2=" " tag="024">
      <subfield code="a">Ghebremariam, Michael Kahsay, Tiny Hlokwe, Victor P. M. G. Rutten, Alberto Allepuz, Simeon Cadmus, Adrian Muwonge, Suelee Robbe-Austerman, and Anita L. Michel. 2018. "Genetic Profiling Of Mycobacterium Bovis Strains From Slaughtered Cattle In Eritrea". PLOS Neglected Tropical Diseases 12 (4): e0006406. Public Library of Science (PLoS). doi:10.1371/journal.pntd.0006406.</subfield>
   </datafield>
   <datafield ind1="8" ind2=" " tag="024">
      <subfield code="a">1935-2727</subfield>
   </datafield>
   <datafield ind1="8" ind2=" " tag="024">
      <subfield code="a">http://hdl.handle.net/20.500.12327/175</subfield>
   </datafield>
   <datafield ind1="8" ind2=" " tag="024">
      <subfield code="a">https://doi.org/10.1371/journal.pntd.0006406</subfield>
   </datafield>
   <datafield ind2="0" ind1="0" tag="245">
      <subfield code="a">Genetic profiling of Mycobacterium bovis strains from slaughtered cattle in Eritrea</subfield>
   </datafield>
</record></metadata></record></GetRecord></OAI-PMH>